PHARMACOLOGY FOR NURSES (Record no. 16471)

MARC details
000 -LEADER
fixed length control field 00347nam a22001577a 4500
003 - CONTROL NUMBER IDENTIFIER
control field SGT
020 ## - INTERNATIONAL STANDARD BOOK NUMBER
International Standard Book Number 978-81-312-4392-3
082 ## - DEWEY DECIMAL CLASSIFICATION NUMBER
Classification number 615
Item number P16S
100 ## - MAIN ENTRY--PERSONAL NAME
Personal name SHANBHAG, TARA V.
245 ## - TITLE STATEMENT
Title PHARMACOLOGY FOR NURSES
250 ## - EDITION STATEMENT
Edition statement 2ND
260 ## - PUBLICATION, DISTRIBUTION, ETC. (IMPRINT)
Place of publication, distribution, etc INDIA
Name of publisher, distributor, etc ELSEVIER
Year of Publication 2016
300 ## - PAGE DESCRIPTION
No. of Pages 420
650 ## - SUBJECT ADDED ENTRY--TOPICAL TERM
Topical term or geographic name as entry element PHARMACOLOGY
942 ## - ADDED ENTRY ELEMENTS (KOHA)
Source of classification or shelving scheme Dewey Decimal Classification
Koha item type Books
942 ## - ADDED ENTRY ELEMENTS (KOHA)
-- 458
Holdings
Withdrawn status Lost status Source of classification or shelving scheme Damaged status Not for loan Collection code Home library Current library Shelving location Date acquired Vendor Name Cost, normal purchase price SGTU Bill Number Total Checkouts Total Renewals Full call number Accession No. (Barcode) Date last seen Date last borrowed Bill Date Koha item type
    Dewey Decimal Classification     NURSING SGT Medical Library SGT Medical Library Text Book 08/01/2019 ABC 575.00 SGTU 10396 67 1 615 P16S FN3816 29/05/2026 29/05/2026 08/12/2018 Books
    Dewey Decimal Classification     NURSING SGT Medical Library SGT Medical Library Text Book 08/01/2019 ABC 575.00 SGTU 10396 60   615 P16S FN3817 17/06/2025 04/06/2025 08/12/2018 Books
    Dewey Decimal Classification     NURSING SGT Medical Library SGT Medical Library Text Book 08/01/2019 ABC 575.00 SGTU 10396 81 1 615 P16S FN3818 04/06/2026 22/05/2026 08/12/2018 Books
    Dewey Decimal Classification     NURSING SGT Medical Library SGT Medical Library Text Book 08/01/2019 ABC 575.00 SGTU 10396 92   615 P16S FN3819 20/05/2026 20/05/2026 08/12/2018 Books
    Dewey Decimal Classification     NURSING SGT Medical Library SGT Medical Library Text Book 08/01/2019 ABC 575.00 SGTU 10396 76   615 P16S FN3820 17/06/2025 04/06/2025 08/12/2018 Books
    Dewey Decimal Classification     NURSING SGT Medical Library SGT Medical Library Text Book 08/01/2019 ABC 575.00 SGTU 10396 71   615 P16S FN3821 29/05/2026 22/05/2026 08/12/2018 Books
    Dewey Decimal Classification     NURSING SGT Medical Library SGT Medical Library Text Book 08/01/2019 ABC 575.00 SGTU 10396 65   615 P16S FN3822 17/06/2025 12/06/2025 08/12/2018 Books
    Dewey Decimal Classification     NURSING SGT Medical Library SGT Medical Library Text Book 08/01/2019 ABC 575.00 SGTU 10396 62   615 P16S FN3823 27/04/2026 27/04/2026 08/12/2018 Books
    Dewey Decimal Classification     NURSING SGT Medical Library SGT Medical Library Text Book 08/01/2019 ABC 575.00 SGTU 10396 61   615 P16S FN3824 17/06/2025 10/06/2025 08/12/2018 Books
    Dewey Decimal Classification     NURSING SGT Medical Library SGT Medical Library Text Book 08/01/2019 ABC 575.00 SGTU 10396 61   615 P16S FN3825 03/04/2026 27/03/2026 08/12/2018 Books